| 000 | 01417cam a22003857a 4500 | ||
|---|---|---|---|
| 003 | CHAP | ||
| 005 | 20220329135436.0 | ||
| 008 | 971013d1976 mx a r 00110 spa d | ||
| 010 | _a36549 | ||
| 011 | _a37521 | ||
| 035 | _a41641 | ||
| 040 | _cCHAP | ||
| 090 | _aTesis | ||
| 100 | 0 | 0 |
_aOrtega Escobar, Héctor Manuel. _983791 |
| 245 | 1 | 0 |
_aCambio físico-químico de suelos del vaso del ex-lago de Tezcoco, sujeto a lavado con diferentes soluciones _c/por Héctor Manuel Ortega Escobar |
| 260 |
_aChapingo, Méx. : _bEl autor, _c1976 |
||
| 300 |
_a109 h. _b: ilus. ; gráfs. |
||
| 500 | _ac.4 en bodega | ||
| 502 | _aTesis (M. C. Esp. en Riego y Drenaje) -- ENA. Colegio de Postgraduados. Rama de Riego y Drenaje | ||
| 590 |
_aALEPH _b10 _c20130110 _lUCH01 _h1301 |
||
| 590 |
_aBATCH-UPD _b10 _c20130110 _lUCH01 _h1146 |
||
| 590 |
_aBATCH-UPD _b10 _c20130410 _lUCH01 _h0731 |
||
| 590 |
_aBATCH-UPD _b10 _c20130914 _lUCH01 _h1916 |
||
| 590 |
_aCONVERSION _b10 _c20130109 _lUCH01 _h1320 |
||
| 650 | 1 | 4 |
_aPlan del Lago de Texcoco. _988662 |
| 650 | 1 | 4 |
_aSuelos salinos. _9110558 |
| 650 | 1 | 4 |
_aSuelos _xFísica de. _9110373 |
| 650 | 1 | 4 |
_aSuelos _xLixiviación. _9110420 |
| 650 | 1 | 4 |
_aSuelos _xQuímica de. _9110470 |
| 901 | _aBK | ||
| 942 | _cFOLL | ||
| 949 |
_bBC _cTES _d-95612 _eTS1 _i41641 _si |
||
| 949 |
_bBC _cTES _d33724000705208 _eTS2 _fc.2 _h32966 _i41641 _kDonaciØn _si |
||
| 949 |
_bBC _cTES _d416413 _eTS2 _fc.3 _i41641 _sb |
||
| 999 |
_c36549 _d36549 |
||